01261cam a22003011 4500001001300000003000400013005001700017008004100034010001700075035001900092040002800111042001200139043001200151050002200163100003800185245019600223260004700419300009600466490004100562500006400603500003000667504003200697650002700729650004700756710006100803740007800864999001700942gs 33000067 DLC20260227111337.0800613s1933 dcuabf b f001 0 eng  ags 33000067  a(OCoLC)6418881 aDLCcICharEdOCoLCdDLC apremarc an-us-pa00aQE75b.B9 no. 8401 aStose, George Willis,d1869-1960.10aGeology and mineral resources of the Middletown quadrangle, Pennsylvania,cby George W. Stose and Anna I. Jonas. Prepared in cooperation with the Pennsylvania topographic and geologic survey. aWashington,bU.S. Govt. Print Off.,c1933. av, 86 p.bincl. map, plan, tables, diagrs., 15 pl. (incl. 2 fold. maps, fold. tab.)c23 cm.0 aU.S. Geological survey. Bulletin 840 aAt head of title: United States Department of the Interior. aOne folded map in pocket. aBibliographical foot-notes. 0aGeologyzPennsylvania. 0aMines and mineral resourceszPennsylvania.1 aPennsylvania.bBureau of Topographic and Geologic Survey0 aMiddletown quadrangle, Pennsylvania, Geology and mineral resources of the c27006d27006